banner-ar

كيف تقوم بالدراسة الكلينيكية / (Record no. 62051)

MARC details
000 -الفاتح
حقل البيانات ثابتة الطول 00982nam a22002417a 4500
005 - وقت وتاريخ اخر تعامل مع التسجيلة
رقم الضبط 20240530110529.0
008 - عناصر البيانات ثابتة الطول - معلومات عامة
حقل البيانات ثابتة الطول 160313s2013 ua f 000 0 ara d
017 ## - رقم الايداع القانونى
رقم الايداع القانونى 2012/498 (ج 1 )
-- 2012/4836 (ج 2)
المصدر ( الهيئة المختصة) مصر . دار الكتب المصرية
020 ## - الرقم الدولى المعيارى للكتب
الرقم الدولى المعيارى للكتاب 9770597724 ( ج 1 )
020 ## - الرقم الدولى المعيارى للكتب
الرقم الدولى المعيارى للكتاب 9770597736 ( ج 2 )
040 ## - مصدر الفهرسة
وكالة الفهرسة الأصلية EG-CaGPL
082 04 - رقم تصنيف ديوى العشرى
رقم الطبعة 21
رقم التصنيف 616.8907\
رقم المادة س ك
100 0# - المدخل الرئيسى - إسم شخصى
الإسم الشخصى سامية القطان
245 10 - بيان العنوان
العنوان كيف تقوم بالدراسة الكلينيكية /
بيان المسئوليه,etc تاليف سامية القطان ؛ تقديم و مراجعة صلاح مخيمر
260 ## - PUBLICATION, DISTRIBUTION, ETC. (IMPRINT)
تاريخ النشر أو التوزيع 2013 .
300 ## - الوصف المادى
التعداد 2 جزء ؛
أبعاد الوعاء 24 سم .
650 04 - المدخل الاضافى بالموضوع-مصطلح موضوعى
مصطلح موضوعي علم النفس
التقسيم الفرعي العام طرق القياس
650 04 - المدخل الاضافى بالموضوع-مصطلح موضوعى
مصطلح موضوعي علم النفس العلاجى
650 04 - المدخل الاضافى بالموضوع-مصطلح موضوعى
مصطلح موضوعي الشخصية
التقسيم الفرعي العام اضرابات
700 0# - المدخل الاضافى - اسم شخصى
الإسم الشخصى صلاح مخيمر
الدور مقدم و مراجع
942 ## - عناصر المدخل الإضافي( كوها)
مصدر التصنيف او مخطط الترفيف Dewey Decimal Classification
Koha [default] item type كتاب
260 ## - PUBLICATION, DISTRIBUTION, ETC. (IMPRINT)
-- القاهرة :
-- مكتبة الانجلو المصرية ،
Holdings
حالة التراجع حالة الفقد حالة تلف ليس للاعارة المكان المؤقت الموقع الحالى تاريخ الاكتساب اجمالي اﻻعارات رقم الطلب الباركود تاريخ اخر مشاهدة تاريخ تفعيل السعر نوع وعاء كوها
        مكتبة القاهرة الكبرى مكتبة القاهرة الكبرى 03/13/2016   616.8907\ س ك 161560 03/13/2016 03/13/2016 كتاب
        مكتبة القاهرة الكبرى مكتبة القاهرة الكبرى 03/13/2016   616.8907\ س ك 161561 03/13/2016 03/13/2016 كتاب

Powered By

EGPV